| 000 | 00620nam a22001937a 4500 | ||
|---|---|---|---|
| 003 | BD-DhUL | ||
| 005 | 20181231154520.0 | ||
| 008 | 181231s1988 n a|||| b||| 001 0 eng | ||
| 020 | _a9211003245 | ||
| 040 |
_aBD-DhUL _cBD-DhUL |
||
| 082 |
_a341.582 _bUNS |
||
| 110 | 1 | _aUnited Nations. | |
| 245 | 1 | 0 |
_aSanctions against South Africa : _b the peaceful alternative to violent change/ _cUnited Nations. |
| 260 |
_aNew York : _bUnited Nations, _c1988. |
||
| 300 |
_a[2], 201 p. : _bill. ; _c 28 cm |
||
| 504 | _aIncludes bibliographical references. | ||
| 650 | 0 | _aSanctions (International law) | |
| 942 |
_2ddc _cBK |
||
| 999 |
_c245509 _d245509 |
||